00462 2200193 4500001002100000005001500021008004100036020002100077035001900098041000600117082000800123090001400131100001600145245001800161260003400179300002400213500000600237650002500243INLIS00000000000620720241224113240241224||||||||| | ||| |||| ||  a979-979-1517-811 0010-1224006207 a00 a320 a320 ATO m0 aBujang Atoy00aMengenal Buah aJakartabBee Media Kidzc2007 a16 hlm.:ilus.;14 cm a2 0aMengenal Buah-Buahan